F1 Circuits - Statistics

General Stats
  • This quiz has been taken 26 times
  • The average score is 26 of 76
Answer Stats
Country Circuit % Correct
United Kingdom Silverstone Circuit
96%
Australia Albert Park Circuit
92%
Italy Autodromo Internazionale Enzo e Dino Ferrari
83%
Italy Autodromo Nazionale di Monza
83%
Monaco Circuit de Monaco
83%
Belgium Circuit de Spa-Francorchamps
75%
Azerbaijan Baku City Circuit
71%
Spain Circuit de Barcelona-Catalunya
71%
Brazil Autodromo Jose Carlos Pace
67%
United States Circuit of the Americas
67%
Netherlands Circuit Zandvoort
67%
Bahrain Bahrain International Circuit
63%
United States Las Vegas Strip Circuit
63%
United States Miami International Autodrome
63%
Japan Suzuka International Racing Course
63%
Abu Dhabi Yas Marina Circuit
63%
Australia Adelaide Street Circuit
58%
Hungary Hungaroring
58%
Mexico Autodromo Hermanos Rodriguez
54%
Germany Hockenheimring
54%
Saudi Arabia Jeddah Corniche Circuit
54%
Singapore Marina Bay Street Circuit
54%
Russia Sochi Autodrom
54%
Canada Circuit Gilles Villeneuve
50%
France Circuit Paul Ricard
50%
Austria The Red Bull Ring
50%
United States Indianapolis Motor Speedway
46%
Turkey Intercity Istanbul Park
42%
Qatar Lusail International Circuit
42%
China Shanghai International Circuit
42%
France Circuit de Nevers Magny-Cours
38%
Germany Nurburgring
38%
Spain Valencia Street Circuit
38%
France Bugatti Au Mans
33%
Japan Fuji Speedway
33%
Malaysia Sepang International Circuit
33%
Portugal Algarve International Circuit
29%
Portugal Autodromodo Estoril
29%
Argentina Autodromo Oscar y Juan Galvez
29%
United Kingdom Brands Hatch Circuit
29%
United States Detroit Street Circuit
29%
South Africa Kyalami Grand Prix Circuit
29%
Germany AVUS
25%
Spain Circuit Permanente de Jerez
25%
United States Dallas Fair Park
25%
United Kingdom Donington Park
25%
South Korea Korea International Circuit
25%
India Buddh International Circuit
21%
United States Long Beach Street Circuit
21%
Austria Zeltweg Airfield
21%
Brazil Autodromo Internacional do Rio de Janeiro
17%
Italy Autodromo Internazionale del Mugello
17%
Belgium Circuit Zolder
17%
United States Watkins Glen International
17%
France Circuit de Reims-Geux
13%
Italy Pescara Circuit
13%
United States Phoenix Street Circuit
13%
Spain Montjuic Circuit
8%
United States Sebring Raceway
8%
Morocco Ain-Diab Circuit
4%
United Kingdom Aintree Motor Racing Circuit
4%
Portugal Circuit da Boavista
4%
Spain Circuito Permanente del Jarama
4%
Canada Mosport International Raceway
4%
United States Riverside International Raceway
4%
France Rouen-Les-Essarts
4%
Sweden Scandinavian Raceway
4%
Japan TI Circuit Aida
4%
United States Ceasars Palace Grand Prix Circuit
0%
France Charade Circuit
0%
Switzerland Circuit Bermgarten
0%
Portugal Circuit de Monsanto
0%
France Circuit Dijon-Prenois
0%
Canada Circuit Mont-Tremblant
0%
Belgium Nivelles-Bauler
0%
South Africa Prince George Circuit
0%
No matching quizzes found
Score Distribution
Percent of People with Each Score
Percentile by Number Answered
Your Score History
You have not taken this quiz